[Event "Lugano op 23rd"]
[White "Moeller, Florian"]
[Black "Jones, Alessandro"]
[Site "Lugano"]
[Round "5"]
[Result "1/2-1/2"]
[Date "2024.11.03"]
[WhiteElo "1846"]
[BlackElo "1927"]
[PlyCount "81"]
[EventDate "2024.11.01"]
[EventType "swiss"]
[EventRounds "5"]
[EventCountry "SUI"]
[SourceTitle "CB45_2024"]
[Source "ChessBase"]
[SourceDate "2024.11.06"]
[SourceVersion "1"]
[SourceVersionDate "2024.11.06"]
[SourceQuality "1"]

1. f4 d5 2. Nf3 g6 3. d4 Bg7 4. e3 Nf6 5. Be2 Bf5 6. 0-0 0-0 7. Ne5 Nbd7 8. g4 Be4 9. Nd2 c6 10. g5 Ne8 11. Nxe4 dxe4 12. Bc4 Nd6 13. Bb3 Nxe5 14. fxe5 Nf5 15. Qg4 e6 16. h4 h6 17. Rf2 c5 18. c3 cxd4 19. exd4 e3 20. Re2 h5 21. Qf4 Qb6 22. Bxe3 a5 23. Rb1 Qb5 24. Rd2 Rac8 25. Bc2 Rfd8 26. Bxf5 exf5 27. Rbd1 Qd5 28. a3 b5 29. Qf2 Bf8 30. Rc2 b4 31. cxb4 axb4 32. axb4 Rxc2 33. Qxc2 Qf3 34. Bf2 Bxb4 35. Qd3 Qd5 36. Rc1 Qxe5 37. Qc4 Qf4 38. d5 Qd2 39. Be1 Qe3+ 40. Bf2 Qd2 41. Be1 1/2-1/2

[Event "Lugano Paradiso op"]
[White "Quaranta, Cristiano"]
[Black "Jones, Alessandro"]
[Site "Lugano"]
[Round "3"]
[Result "1-0"]
[Date "2021.09.04"]
[WhiteElo "2059"]
[BlackElo "1857"]
[PlyCount "41"]
[EventDate "2021.09.03"]
[EventType "swiss"]
[EventRounds "5"]
[EventCountry "SUI"]
[SourceTitle "EXT 2022"]
[Source "ChessBase"]
[SourceDate "2021.10.06"]
[SourceVersion "1"]
[SourceVersionDate "2021.10.06"]
[SourceQuality "1"]

1. Nf3 Nf6 2. g3 d5 3. Bg2 Nbd7 4. c4 e6 5. 0-0 Bd6 6. d4 0-0 7. Nc3 b6 8. Nb5 Bb7 9. Nxd6 cxd6 10. b3 dxc4 11. bxc4 Qc7 12. Ba3 Rfd8 13. Rc1 Rac8 14. Qd2 Qb8 15. Qf4 e5 16. Qh4 exd4 17. Nxd4 Bxg2 18. Kxg2 Nc5 19. Nf5 Qb7+ 20. f3 h6 21. Bb2 1-0

[Event "Lugano New op-B 8th"]
[White "Jones, Alessandro"]
[Black "Hund, Sarah"]
[Site "Lugano"]
[Round "6.2"]
[Result "0-1"]
[Date "2014.04.21"]
[WhiteElo "1929"]
[BlackElo "1891"]
[PlyCount "106"]
[EventDate "2014.04.18"]
[EventType "swiss"]
[EventRounds "6"]
[EventCountry "SVI"]
[SourceTitle "EXT 2024"]
[Source "ChessBase"]
[SourceDate "2023.10.10"]
[SourceVersion "1"]
[SourceVersionDate "2023.10.10"]
[SourceQuality "1"]

1. Nf3 d5 2. d4 Nf6 3. e3 Bf5 4. c4 c6 5. Nc3 e6 6. cxd5 exd5 7. Bd3 Bxd3 8. Qxd3 Bd6 9. 0-0 0-0 10. Rb1 Nbd7 11. b4 a6 12. a4 Re8 13. b5 axb5 14. axb5 c5 15. dxc5 Nxc5 16. Qd1 Nce4 17. Bb2 Nxc3 18. Bxc3 Ne4 19. Ba1 Ra2 20. Qd4 Nf6 21. Rb2 Ra5 22. Rb3 Re4 23. Qd3 Be7 24. g3 Rea4 25. Bc3 Ra8 26. Rd1 Ne4 27. Be1 Nc5 28. Qc2 Nxb3 29. Qxb3 Ra3 30. Qxd5 Qxd5 31. Rxd5 Rd8 32. Re5 Bf6 33. Rc5 Rb3 34. Kg2 Kf8 35. Ba5 Rd7 36. Bb6 g6 37. Ne5 Bxe5 38. Rxe5 f6 39. Rc5 Kf7 40. Bc7 Rb2 41. g4 Ke6 42. Kf3 Rd5 43. Rxd5 Kxd5 44. b6 Kc6 45. Kg3 Rxb6 46. Bxb6 Kxb6 47. e4 Kc5 48. g5 fxg5 49. f3 Kd4 50. h3 b5 51. Kf2 b4 52. Ke1 h5 53. Kd2 g4 0-1

[Event "Lugano New op-B 8th"]
[White "Kaeppeli, Adriano"]
[Black "Jones, Alessandro"]
[Site "Lugano"]
[Round "1.2"]
[Result "1/2-1/2"]
[Date "2014.04.18"]
[WhiteElo "1751"]
[BlackElo "1929"]
[PlyCount "94"]
[EventDate "2014.04.18"]
[EventType "swiss"]
[EventRounds "6"]
[EventCountry "SVI"]
[SourceTitle "EXT 2024"]
[Source "ChessBase"]
[SourceDate "2023.10.10"]
[SourceVersion "1"]
[SourceVersionDate "2023.10.10"]
[SourceQuality "1"]

1. e4 c6 2. d4 d5 3. f3 dxe4 4. fxe4 e5 5. Nf3 Bg4 6. c3 Nd7 7. Bc4 Ngf6 8. Bg5 exd4 9. cxd4 Bxf3 10. Qxf3 Qa5+ 11. Bd2 Bb4 12. Nc3 0-0 13. 0-0 Rad8 14. a3 Bxc3 15. Bxc3 Qh5 16. Qxh5 Nxh5 17. e5 g6 18. e6 fxe6 19. Bxe6+ Kg7 20. d5+ Kh6 21. Bxd7 Rxf1+ 22. Rxf1 Rxd7 23. g4 Rxd5 24. gxh5 Rxh5 25. Rf7 Rb5 26. Bd2+ g5 27. Bc3 Kg6 28. Rg7+ Kh6 29. Kg2 Rb3 30. Rg8 Kh5 31. Kf3 Rb5 32. Rg7 h6 33. b4 a5 34. Ke4 axb4 35. axb4 c5 36. bxc5 Rxc5 37. Be5 Rb5 38. Kf5 Rb1 39. Rd7 Rf1+ 40. Ke6 b5 41. Rd3 Rb1 42. Rd2 Rb3 43. Rb2 Rxb2 44. Bxb2 b4 45. Kd5 Kg4 46. Kc4 Kh3 47. Be5 h5 1/2-1/2

[Event "ITA-ch C"]
[White "Jones, Alessandro"]
[Black "Mircoli, Filippo"]
[Site "Civitanova Marche"]
[Round "7"]
[Result "1-0"]
[Date "2012.07.21"]
[WhiteElo "1966"]
[BlackElo "1688"]
[PlyCount "75"]
[EventDate "2012.07.15"]
[EventType "swiss"]
[EventRounds "8"]
[EventCountry "ITA"]
[SourceTitle "EXT 2023"]
[Source "ChessBase"]
[SourceDate "2022.10.05"]
[SourceVersion "1"]
[SourceVersionDate "2022.10.05"]
[SourceQuality "1"]

1. d4 e6 2. Nf3 Nf6 3. e3 d5 4. Bd3 g6 5. Nbd2 Bg7 6. b4 Nbd7 7. Bb2 0-0 8. a4 b6 9. 0-0 Bb7 10. c4 c5 11. dxc5 bxc5 12. b5 Qc7 13. Qc2 Rfc8 14. a5 dxc4 15. Bxc4 Bd5 16. Rfb1 Rcb8 17. Bc3 Ne8 18. Bxg7 Kxg7 19. Qb3 Nef6 20. Qc3 Kg8 21. Ra2 Ne4 22. Nxe4 Bxe4 23. Rc1 Bxf3 24. gxf3 Qd8 25. Bf1 Qg5+ 26. Bg2 Rd8 27. f4 Qh4 28. Bxa8 Rxa8 29. f3 Nf6 30. Qxc5 Nd5 31. Rg2 Qh5 32. Rg3 Qf5 33. e4 Qxf4 34. exd5 exd5 35. b6 axb6 36. axb6 Ra2 37. b7 Rb2 38. Qc8+ 1-0

[Event "ITA-ch C"]
[White "Jones, Alessandro"]
[Black "Renzetti, Leonardo"]
[Site "Civitanova Marche"]
[Round "4"]
[Result "1/2-1/2"]
[Date "2012.07.18"]
[WhiteElo "1966"]
[BlackElo "1743"]
[PlyCount "60"]
[EventDate "2012.07.15"]
[EventType "swiss"]
[EventRounds "8"]
[EventCountry "ITA"]
[SourceTitle "EXT 2023"]
[Source "ChessBase"]
[SourceDate "2022.10.05"]
[SourceVersion "1"]
[SourceVersionDate "2022.10.05"]
[SourceQuality "1"]

1. d4 Nf6 2. Nf3 g6 3. Nbd2 Bg7 4. e4 d6 5. Bd3 Nbd7 6. 0-0 0-0 7. Re1 e5 8. dxe5 dxe5 9. c3 Qe7 10. a4 Nc5 11. Bf1 Rd8 12. Qc2 Ne8 13. b4 Ne6 14. Ba3 Nd6 15. b5 b6 16. Nc4 Ng5 17. Nfd2 Bb7 18. f3 Ne6 19. Rad1 Rac8 20. a5 Nc5 21. axb6 cxb6 22. Nxd6 Qxd6 23. Nb3 Qc7 24. Nxc5 bxc5 25. Bc4 Bh6 26. Rxd8+ Rxd8 27. Qf2 Bd2 28. Rd1 Bxc3 29. Rxd8+ Qxd8 30. Bxc5 Qd4 1/2-1/2

[Event "Milan Epiphany op"]
[White "Jones, Alessandro"]
[Black "Astengo, Corrado"]
[Site "Milan"]
[Round "2"]
[Result "1-0"]
[Date "2010.01.03"]
[WhiteElo "1967"]
[BlackElo "2142"]
[PlyCount "77"]
[EventDate "2010.01.02"]
[EventType "swiss"]
[EventRounds "7"]
[EventCountry "ITA"]
[SourceTitle "EXT 2024"]
[Source "ChessBase"]
[SourceDate "2023.10.10"]
[SourceVersion "1"]
[SourceVersionDate "2023.10.10"]
[SourceQuality "1"]

1. d4 d5 2. Nf3 Nf6 3. e3 g6 4. b4 Bg7 5. Nbd2 0-0 6. Bb2 b6 7. c4 c5 8. dxc5 bxc5 9. b5 Bb7 10. a4 Nbd7 11. a5 Rc8 12. cxd5 Nxd5 13. Bxg7 Kxg7 14. Bc4 Qc7 15. 0-0 Rfd8 16. Qb3 Ne5 17. Qb2 f6 18. Nxe5 Qxe5 19. Qxe5 fxe5 20. Nb3 Rd6 21. Rfc1 Nf6 22. Kf1 Ne4 23. Ke2 Rf6 24. f3 Nd6 25. a6 Ba8 26. Na5 Rb8 27. Rab1 e4 28. f4 Nxc4 29. Nxc4 Bd5 30. Ne5 Ba2 31. Rb2 Rxa6 32. Rcc2 Ra5 33. Rxa2 Rbxb5 34. Nc6 Rxa2 35. Rxa2 a6 36. Nxe7 c4 37. Kd2 a5 38. Nc6 a4 39. Nd4 1-0

[Event "Robecchetto op 20th"]
[White "Jones, Alessandro"]
[Black "Astengo, Corrado"]
[Site "Robecchetto"]
[Round "6"]
[Result "1/2-1/2"]
[Date "2009.12.30"]
[WhiteElo "1977"]
[BlackElo "2159"]
[PlyCount "59"]
[EventDate "2009.12.27"]
[EventType "swiss"]
[EventRounds "6"]
[EventCountry "ITA"]
[SourceTitle "CBM 134 Extra"]
[Source "ChessBase"]
[SourceDate "2010.03.03"]
[SourceVersion "1"]
[SourceVersionDate "2010.03.03"]
[SourceQuality "1"]

1. d4 d5 2. Nf3 Nf6 3. e3 g6 4. b4 Bg7 5. Bb2 a5 6. a3 0-0 7. Nbd2 Bg4 8. Be2 Re8 9. 0-0 Nbd7 10. c4 c6 11. h3 Bxf3 12. Nxf3 Ne4 13. cxd5 cxd5 14. Qb3 Ndf6 15. Bb5 Rf8 16. Rfc1 Nd6 17. bxa5 Nxb5 18. Qxb5 Qxa5 19. Qxa5 Rxa5 20. Bc3 Ra7 21. Bb4 b5 22. Rc5 Rb7 23. Rac1 Ne4 24. Rc7 Rxc7 25. Rxc7 Bf6 26. Ne5 Re8 27. Nd7 Bg5 28. Nc5 Nd6 29. Nb7 Nc4 30. Rc5 1/2-1/2

[Event "Robecchetto op 20th"]
[White "Jones, Alessandro"]
[Black "Gonella, Daniele"]
[Site "Robecchetto"]
[Round "2"]
[Result "0-1"]
[Date "2009.12.28"]
[WhiteElo "1977"]
[BlackElo "1778"]
[PlyCount "30"]
[EventDate "2009.12.27"]
[EventType "swiss"]
[EventRounds "6"]
[EventCountry "ITA"]
[SourceTitle "CBM 134 Extra"]
[Source "ChessBase"]
[SourceDate "2010.03.03"]
[SourceVersion "1"]
[SourceVersionDate "2010.03.03"]
[SourceQuality "1"]

1. d4 d5 2. c4 c6 3. Nc3 e6 4. e4 dxe4 5. Nxe4 Bb4+ 6. Bd2 Qxd4 7. Bxb4 Qxe4+ 8. Be2 Na6 9. Bc3 Nf6 10. Qd6 Bd7 11. 0-0-0 0-0-0 12. Rd4 Qxg2 13. Bf3 Qg5+ 14. Kb1 e5 15. Rd1 Bf5+ 0-1

[Event "Robecchetto op 20th"]
[White "Zanetti, Alberto"]
[Black "Jones, Alessandro"]
[Site "Robecchetto"]
[Round "1"]
[Result "1-0"]
[Date "2009.12.27"]
[WhiteElo "2190"]
[BlackElo "1977"]
[PlyCount "149"]
[EventDate "2009.12.27"]
[EventType "swiss"]
[EventRounds "6"]
[EventCountry "ITA"]
[SourceTitle "CBM 134 Extra"]
[Source "ChessBase"]
[SourceDate "2010.03.03"]
[SourceVersion "1"]
[SourceVersionDate "2010.03.03"]
[SourceQuality "1"]

1. f4 d5 2. Nf3 g6 3. e3 Bg7 4. c4 c6 5. Nc3 Nf6 6. d4 0-0 7. Bd3 Nbd7 8. cxd5 cxd5 9. 0-0 Nb6 10. Ne5 Bf5 11. g4 Bxd3 12. Qxd3 Nbd7 13. g5 Nxe5 14. fxe5 Nh5 15. e4 dxe4 16. Qxe4 e6 17. Be3 Qd7 18. Rf2 Bh8 19. Qf3 Rad8 20. Ne4 Qd5 21. Rc1 b6 22. b3 h6 23. h4 hxg5 24. hxg5 Rd7 25. Kg2 Qb7 26. Rfc2 Rfd8 27. Nf6+ Bxf6 28. Qxb7 Rxb7 29. gxf6 Rbd7 30. Kf3 Kh7 31. Rh1 Kg8 32. Rh4 Kf8 33. Rg4 Ke8 34. Bf2 Rd5 35. Rg1 R5d7 36. Rc4 Rd5 37. Be3 Kd7 38. Rgc1 Ke8 39. R1c2 R5d7 40. Rh2 Rb8 41. Bg1 Rbd8 42. Be3 Rd5 43. Rhc2 R5d7 44. Ra4 Kf8 45. Ra6 Ke8 46. Rc4 Rb8 47. a4 Kd8 48. Bf2 Rc8 49. a5 bxa5 50. Rxa5 Rb7 51. Ra3 Rxb3+ 52. Rxb3 Rxc4 53. Ra3 Rc7 54. Kg4 Kd7 55. Be1 Kc6 56. Bb4 Kb5 57. Bc5 a6 58. Rb3+ Kc4 59. Rb4+ Kd5 60. Rb6 a5 61. Ra6 Rb7 62. Rxa5 Rb3 63. Ra1 Ng3 64. Ra7 Nf5 65. Kf4 Rg3 66. Rd7+ Kc6 67. Rd6+ Nxd6 68. Kxg3 Nf5+ 69. Kf4 Kd5 70. Kg5 Nxd4 71. Bxd4 Kxd4 72. Kh6 g5 73. Kg7 g4 74. Kxf7 g3 75. Kxe6 1-0

[Event "Lugano New op 3rd"]
[White "Jones, Alessandro"]
[Black "Horvath, Tamas"]
[Site "Lugano"]
[Round "1"]
[Result "0-1"]
[Date "2009.04.30"]
[WhiteElo "1957"]
[BlackElo "2424"]
[PlyCount "50"]
[EventDate "2009.04.30"]
[EventType "swiss"]
[EventRounds "6"]
[EventCountry "SUI"]
[SourceTitle "EXT 2011"]
[Source "ChessBase"]
[SourceDate "2010.11.26"]
[SourceVersion "1"]
[SourceVersionDate "2010.11.26"]
[SourceQuality "1"]

1. d4 g6 2. c4 Bg7 3. Nf3 c5 4. Nc3 cxd4 5. Nxd4 Nc6 6. e3 Nf6 7. Be2 0-0 8. 0-0 d6 9. b3 Bd7 10. Bb2 Qa5 11. Qd2 a6 12. Rfd1 Rfc8 13. Rac1 Nxd4 14. Qxd4 Be6 15. Qd2 Qg5 16. Bf1 Rab8 17. Ne2 Qh4 18. Nd4 Bd7 19. Rc2 Qh5 20. Be2 Qc5 21. Rdc1 Qc7 22. Bf1 e5 23. Ne2 Bf5 24. Ba3 Bxc2 25. Bxd6 Qd7 0-1

[Event "Bratto op-B 28th"]
[White "Jones, Alessandro"]
[Black "Favoni, Matteo"]
[Site "Bratto"]
[Round "6"]
[Result "1/2-1/2"]
[Date "2008.08.28"]
[WhiteElo "1968"]
[BlackElo "1941"]
[PlyCount "78"]
[EventDate "2008.08.23"]
[EventType "swiss"]
[EventRounds "9"]
[EventCountry "ITA"]
[SourceTitle "EXT 2011"]
[Source "ChessBase"]
[SourceDate "2010.11.26"]
[SourceVersion "1"]
[SourceVersionDate "2010.11.26"]
[SourceQuality "1"]

1. d4 Nf6 2. Nf3 g6 3. Nbd2 d5 4. e3 Bg7 5. Be2 0-0 6. b4 b6 7. 0-0 c5 8. c3 Bb7 9. bxc5 bxc5 10. Rb1 Qc7 11. dxc5 Nbd7 12. Ba3 Rfe8 13. Qa4 Bc6 14. Bb5 Bxb5 15. Rxb5 a6 16. Ra5 Nb8 17. c4 Qc8 18. cxd5 Nxd5 19. Qc4 Nc6 20. Qxd5 e6 21. Qe4 Nxa5 22. Rc1 Qc6 23. Qb4 Qb5 24. c6 Nxc6 25. Qd6 Bf8 26. Qxc6 Bxa3 27. Rc2 Qxc6 28. Rxc6 Rec8 29. Rb6 Rab8 30. Rxa6 Rc1+ 31. Nf1 Rbb1 32. N3d2 Rb2 33. Nb3 Rd1 34. Rxa3 Rbb1 35. g3 Rxf1+ 36. Kg2 Rfd1 37. Kf3 Rb2 38. Nd4 Rdd2 39. Ra8+ Kg7 1/2-1/2

[Event "Bratto op-B 28th"]
[White "Cambieri, Mario"]
[Black "Jones, Alessandro"]
[Site "Bratto"]
[Round "3"]
[Result "1/2-1/2"]
[Date "2008.08.25"]
[WhiteElo "1879"]
[BlackElo "1968"]
[PlyCount "50"]
[EventDate "2008.08.23"]
[EventType "swiss"]
[EventRounds "9"]
[EventCountry "ITA"]
[SourceTitle "EXT 2011"]
[Source "ChessBase"]
[SourceDate "2010.11.26"]
[SourceVersion "1"]
[SourceVersionDate "2010.11.26"]
[SourceQuality "1"]

1. c4 Nf6 2. Nc3 g6 3. g3 Bg7 4. Bg2 0-0 5. d4 d6 6. Nf3 Nbd7 7. 0-0 e5 8. e4 c6 9. Rb1 Qc7 10. d5 Nc5 11. Qe2 Ncxe4 12. Nxe4 Nxe4 13. Nxe5 Nxg3 14. hxg3 Bxe5 15. Bh6 Re8 16. Qd2 Bf5 17. Rbe1 Qb6 18. Rxe5 dxe5 19. dxc6 bxc6 20. Qg5 Re6 21. Rd1 f6 22. Qd2 Rae8 23. g4 Bxg4 24. Qd7 R8e7 25. Qc8+ Re8 1/2-1/2

[Event "Porto Mannu op"]
[White "Squarci, Franco"]
[Black "Jones, Alessandro"]
[Site "Porto Mannu"]
[Round "2"]
[Result "0-1"]
[Date "2008.05.18"]
[WhiteElo "1834"]
[BlackElo "1980"]
[PlyCount "112"]
[EventDate "2008.05.17"]
[EventType "swiss"]
[EventRounds "9"]
[EventCountry "ITA"]
[SourceTitle "CBM 124 Extra"]
[Source "ChessBase"]
[SourceDate "2008.07.03"]
[SourceVersion "1"]
[SourceVersionDate "2008.07.03"]
[SourceQuality "1"]

1. d4 d5 2. c4 c6 3. Nc3 Nf6 4. Nf3 e6 5. cxd5 exd5 6. Bg5 Be7 7. e3 Bg4 8. h3 Bh5 9. Bd3 Nbd7 10. Bf5 Ne4 11. Bxe7 Qxe7 12. g4 Bg6 13. Bxd7+ Qxd7 14. Ne5 Qe7 15. Qf3 Nxc3 16. Nxg6 hxg6 17. bxc3 Qa3 18. e4 dxe4 19. Qxe4+ Kf8 20. Qc2 Qe7+ 21. Qe2 Re8 22. Qxe7+ Rxe7+ 23. Kd2 f6 24. Rae1 Rxe1 25. Kxe1 g5 26. Ke2 Ke7 27. Kd3 Kd6 28. a4 c5 29. f4 gxf4 30. h4 cxd4 31. Kxd4 f3 32. Ke3 Rc8 33. Rd1+ Ke6 34. Rd3 f2 35. Kxf2 Rc4 36. Kf3 Rxa4 37. Rd8 Rc4 38. Re8+ Kf7 39. Re3 a5 40. h5 a4 41. Rd3 b5 42. Rd7+ Kg8 43. Rb7 Rxc3+ 44. Ke4 Rc4+ 45. Kf5 Rc5+ 46. Kf4 a3 47. Ra7 b4 48. Ke4 Rb5 49. Kd4 b3 50. g5 fxg5 51. Kc4 b2 52. Kxb5 b1Q+ 53. Kc6 a2 54. Kd6 a1Q 55. Rxg7+ Kxg7 56. h6+ Kxh6 0-1

[Event "Porto Mannu op"]
[White "Jones, Alessandro"]
[Black "Gangemi, Salvatore"]
[Site "Porto Mannu"]
[Round "3"]
[Result "1-0"]
[Date "2007.05.21"]
[WhiteElo "1962"]
[BlackElo "2063"]
[PlyCount "103"]
[EventDate "2007.05.19"]
[EventType "swiss"]
[EventRounds "9"]
[EventCountry "ITA"]
[SourceTitle "CBM 118 Extra"]
[Source "ChessBase"]
[SourceDate "2007.07.04"]
[SourceVersion "1"]
[SourceVersionDate "2007.07.04"]
[SourceQuality "1"]

1. d4 Nf6 2. Nf3 d5 3. e3 c6 4. Bd3 Bg4 5. c4 Bxf3 6. Qxf3 e6 7. 0-0 Nbd7 8. Nc3 Bd6 9. e4 dxe4 10. Nxe4 Nxe4 11. Bxe4 Qh4 12. g3 Qf6 13. Bxc6 bxc6 14. Qxc6 Ke7 15. c5 Bxc5 16. dxc5 Rhc8 17. Qd6+ Ke8 18. b4 Ne5 19. Bf4 Ng6 20. Be3 Rd8 21. Qc6+ Kf8 22. Rfd1 Ne7 23. Qe4 Nd5 24. Bd4 Qg6 25. Qxg6 hxg6 26. a3 a6 27. Be5 f6 28. Bd6+ Ke8 29. Rdc1 Kd7 30. Rab1 Nc7 31. a4 e5 32. Rd1 Kc6 33. Bxc7 Kxc7 34. Kf1 Kc6 35. Rxd8 Rxd8 36. Ke2 Rd4 37. Ke3 g5 38. f4 gxf4+ 39. gxf4 Rxf4 40. b5+ axb5 41. axb5+ Kd5 42. c6 Re4+ 43. Kf3 Rc4 44. b6 e4+ 45. Ke3 Rc3+ 46. Kd2 Rd3+ 47. Ke2 Kxc6 48. b7 Rd8 49. b8Q Rxb8 50. Rxb8 f5 51. Rg8 Kd5 52. Rxg7 1-0

[Event "Lugano New op 1st"]
[White "Fusi, Christoph"]
[Black "Jones, Alessandro"]
[Site "Lugano"]
[Round "2"]
[Result "0-1"]
[Date "2007.04.29"]
[WhiteElo "2298"]
[BlackElo "1962"]
[PlyCount "32"]
[EventDate "2007.04.29"]
[EventType "swiss"]
[EventRounds "6"]
[EventCountry "SUI"]
[SourceTitle "CBM 118 Extra"]
[Source "ChessBase"]
[SourceDate "2007.07.04"]
[SourceVersion "1"]
[SourceVersionDate "2007.07.04"]
[SourceQuality "1"]

1. d4 d5 2. c4 c6 3. Nc3 Nf6 4. Nf3 e6 5. Bf4 dxc4 6. e4 b5 7. a3 Qa5 8. Bd2 Qb6 9. Be2 Bb7 10. b4 a5 11. bxa5 Rxa5 12. a4 b4 13. Rb1 Qa7 14. Na2 c3 15. Be3 Rxa4 16. Qc2 Rxa2 0-1

[Event "Lugano New op 1st"]
[White "Jones, Alessandro"]
[Black "Gallagher, Joseph G"]
[Site "Lugano"]
[Round "1"]
[Result "0-1"]
[Date "2007.04.29"]
[WhiteElo "1962"]
[BlackElo "2509"]
[PlyCount "54"]
[EventDate "2007.04.29"]
[EventType "swiss"]
[EventRounds "6"]
[EventCountry "SUI"]
[SourceTitle "CBM 118 Extra"]
[Source "ChessBase"]
[SourceDate "2007.07.04"]
[SourceVersion "1"]
[SourceVersionDate "2007.07.04"]
[SourceQuality "1"]

1. d4 Nf6 2. Nf3 g6 3. Nc3 d5 4. Bf4 Bg7 5. e3 0-0 6. Be2 c5 7. Qd2 Nc6 8. Ne5 cxd4 9. exd4 Bf5 10. g4 Nxe5 11. gxf5 Nc4 12. Bxc4 dxc4 13. 0-0-0 Qa5 14. fxg6 hxg6 15. Kb1 Rfd8 16. h4 Nh5 17. Be3 b5 18. Ne2 b4 19. Ng3 Rd5 20. c3 Rb8 21. cxb4 Rxb4 22. Qc3 Rdb5 23. Ka1 Nf6 24. h5 Nd5 25. Qc2 Ra4 26. a3 Rxa3+ 27. bxa3 Qxa3+ 0-1

[Event "Cattolica op 2nd"]
[White "De Marco, Walter"]
[Black "Jones, Alessandro"]
[Site "Cattolica"]
[Round "3"]
[Result "0-1"]
[Date "2006.06.14"]
[WhiteElo "2042"]
[BlackElo "1824"]
[PlyCount "74"]
[EventDate "2006.06.12"]
[EventType "swiss"]
[EventRounds "6"]
[EventCountry "ITA"]
[SourceTitle "EXT 2024"]
[Source "ChessBase"]
[SourceDate "2023.10.10"]
[SourceVersion "1"]
[SourceVersionDate "2023.10.10"]
[SourceQuality "1"]

1. Nf3 Nf6 2. b3 d5 3. e3 Nbd7 4. Bb2 e6 5. Be2 Bd6 6. d4 0-0 7. 0-0 Ne4 8. Nc3 Ndf6 9. Ne5 Bd7 10. Nxd7 Qxd7 11. f3 Nxc3 12. Bxc3 c5 13. Qd3 Rfc8 14. Rad1 cxd4 15. exd4 Qc7 16. Bb2 Bxh2+ 17. Kh1 Bg3 18. Bc1 Qxc2 19. Qe3 Qg6 20. Qg5 Bd6 21. Qh4 Nh5 22. Bd3 Ng3+ 23. Kg1 Qh5 24. Qxh5 Nxh5 25. f4 Ng3 26. Rf3 Nf5 27. Rh3 g6 28. Kf2 h5 29. Rdh1 Kg7 30. g4 hxg4 31. Rh7+ Kf6 32. Bd2 Rc7 33. Kg2 Rac8 34. Re1 Nxd4 35. Be3 Nc2 36. Bxc2 Rxc2+ 37. Kg3 Bc5 0-1

[Event "Turin olympic op-A"]
[White "Astengo, Marcello"]
[Black "Jones, Alessandro"]
[Site "Turin"]
[Round "8"]
[Result "1-0"]
[Date "2006.05.28"]
[WhiteElo "2096"]
[BlackElo "1824"]
[PlyCount "71"]
[EventDate "2006.05.22"]
[EventType "swiss"]
[EventRounds "9"]
[EventCountry "ITA"]
[SourceTitle "EXT 2011"]
[Source "ChessBase"]
[SourceDate "2010.11.26"]
[SourceVersion "1"]
[SourceVersionDate "2010.11.26"]
[SourceQuality "1"]

1. d4 d5 2. c4 c6 3. Nc3 Nf6 4. cxd5 cxd5 5. Bg5 e6 6. e3 Be7 7. Bd3 0-0 8. Nf3 b6 9. Qe2 Bb7 10. 0-0 Nc6 11. Rac1 Qd7 12. Bb5 Rfc8 13. Ne5 Qd8 14. f4 a5 15. f5 Nxe5 16. dxe5 Ne4 17. Bxe7 Nxc3 18. Bxd8 Nxe2+ 19. Bxe2 Rxd8 20. fxe6 fxe6 21. Rc7 Ba6 22. Bxa6 Rxa6 23. Rff7 Raa8 24. Rxg7+ Kh8 25. Rxh7+ Kg8 26. Rcg7+ Kf8 27. Re7 Rac8 28. Rxe6 Rc1+ 29. Kf2 Rc2+ 30. Kf3 Rxb2 31. Rh8+ Kf7 32. Rf6+ Ke7 33. Rh7+ Ke8 34. Rff7 Rc8 35. Rb7 Rxa2 36. Rh8# 1-0